[Event "Ì15Ï "]
[Site "Loo"]
[Date "2017.04.20"]
[Round "1.60"]
[White "Àãàáåêîâ, Ñàâåëèé."]
[Black "Êîäçîåâ, Àëåêñàíäð."]
[Result "1-0"]
[WhiteElo "1700"]
[BlackElo "1229"]
[PlyCount "43"]
[EventDate "2017.04.20"]

1. e4 Nc6 2. d4 e6 3. Nc3 g6 4. Nf3 Bg7 5. Be2 Nge7 6. O-O d5 7. e5 O-O 8. Bg5
h6 9. Bh4 g5 10. Bg3 Nf5 11. Qd2 Nce7 12. Nd1 c5 13. c3 Bd7 14. Ne3 c4 15. Ng4
Ng6 16. Bd1 Nxg3 17. fxg3 Ne7 18. Nf6+ Bxf6 19. exf6 Ng6 20. Nxg5 hxg5 21. Qxg5
Kh7 22. Qh5+ 1-0

[Event "Ì15Ï "]
[Site "Loo"]
[Date "2017.04.20"]
[Round "1.61"]
[White "Áåëîâ, Ñòåïàí."]
[Black "ßäèãàðîâ, Àéâàç."]
[Result "0-1"]
[WhiteElo "1216"]
[BlackElo "1699"]
[PlyCount "76"]
[EventDate "2017.04.20"]

1. e4 c5 2. Nf3 d6 3. d3 Nc6 4. c3 Nf6 5. g3 e6 6. Bg2 Be7 7. O-O O-O 8. Re1
Qc7 9. Nbd2 d5 10. e5 Nd7 11. Qe2 b5 12. a3 a5 13. b3 b4 14. Bb2 Ba6 15. Nf1
Qb8 16. cxb4 cxb4 17. a4 Nc5 18. Rac1 Rc8 19. Red1 Nxb3 20. Rc2 Qb7 21. Ne3 Nc5
22. Ne1 Nxa4 23. Ba1 b3 24. Rb2 Nc3 25. Qd2 Nxd1 26. Qxd1 a4 27. Nf3 Rab8 28.
Rb1 a3 29. Bc3 a2 30. Rb2 Ba3 31. Ng5 Bxb2 32. Bxb2 Nb4 33. Bf1 h6 34. Nf3 Nc2
35. Ng4 a1=Q 36. Bxa1 Nxa1 37. Qxa1 b2 38. Qb1 Rc1 0-1

[Event "Ì15Ï "]
[Site "Loo"]
[Date "2017.04.20"]
[Round "1.62"]
[White "Ìåñòíèêîâ, Àéäûí."]
[Black "Âèòåð, Þðèé."]
[Result "1-0"]
[WhiteElo "1699"]
[BlackElo "1207"]
[PlyCount "103"]
[EventDate "2017.04.20"]

1. d4 d5 2. c4 e6 3. Nc3 c5 4. cxd5 exd5 5. Bf4 Nf6 6. e3 cxd4 7. Bxb8 Rxb8 8.
Qxd4 Bd6 9. Bb5+ Bd7 10. Bxd7+ Qxd7 11. Nf3 O-O 12. O-O b6 13. Rfd1 Rfd8 14. g3
Qf5 15. Nh4 Qh3 16. Nxd5 Nxd5 17. Qxd5 Be7 18. Qf5 Qxf5 19. Nxf5 Bf6 20. Rab1
Rbc8 21. b3 g6 22. Nd6 Rc2 23. a4 Rb2 24. Rxb2 Bxb2 25. Rd2 Bc3 26. Rc2 Rxd6
27. Rxc3 Rd1+ 28. Kg2 Rb1 29. Kf3 Kg7 30. h4 Rb2 31. e4 Kf6 32. Ke3 Ke5 33. f4+
Ke6 34. Kd4 f5 35. e5 Kf7 36. Kc4 a6 37. Kb4 Rd2 38. Kc4 Ke6 39. b4 Rd5 40. Rd3
Rxd3 41. Kxd3 Kd5 42. Kc3 Kc6 43. Kd4 b5 44. axb5+ axb5 45. e6 Kd6 46. e7 Kxe7
47. Kc5 Kd7 48. Kxb5 h5 49. Ka6 Kc6 50. b5+ Kc7 51. Ka7 Kc8 52. b6 1-0

[Event "Ì15Ï "]
[Site "Loo"]
[Date "2017.04.20"]
[Round "1.63"]
[White "Ëåáåäåâ, Ìàòâåé."]
[Black "Ðîëüãåéçåð, Ìàðòèí."]
[Result "1-0"]
[WhiteElo "1189"]
[BlackElo "1694"]
[PlyCount "111"]
[EventDate "2017.04.20"]

1. d4 d5 2. c4 c6 3. Nf3 Bf5 4. Bf4 Qb6 5. b3 e6 6. c5 Qd8 7. Nc3 Nf6 8. h3 h6
9. e3 Qa5 10. Qd2 b6 11. Na4 Qxd2+ 12. Nxd2 Nbd7 13. b4 b5 14. Nb2 Be7 15. Bd3
O-O 16. Bxf5 exf5 17. f3 Nh5 18. Bh2 Bh4+ 19. Ke2 Rfe8 20. g4 fxg4 21. hxg4
Ng3+ 22. Bxg3 Bxg3 23. Nd3 Bc7 24. a4 a6 25. Nb3 Nf8 26. Kf2 Ng6 27. Ra2 Re6
28. axb5 cxb5 29. Re1 Rae8 30. Rae2 Bd8 31. Ra1 Bh4+ 32. Kg2 Rxe3 33. Rxe3 Rxe3
34. Nbc1 Re6 35. f4 Ne7 36. Ne5 f5 37. Kh3 Bf6 38. Ncd3 fxg4+ 39. Kxg4 Nc6 40.
f5 Nxe5+ 41. dxe5 h5+ 42. Kxh5 Bxe5 43. fxe6 Bxa1 44. c6 Kh7 45. c7 g6+ 46. Kg5
a5 47. bxa5 b4 48. Nxb4 Bg7 49. c8=Q Bh6+ 50. Kg4 d4 51. e7 d3 52. e8=Q Bg7 53.
Kg5 Bh6+ 54. Kh4 Bg7 55. Qg8+ Kh6 56. Qc1+ 1-0

[Event "Ì15Ï "]
[Site "Loo"]
[Date "2017.04.20"]
[Round "1.64"]
[White "Ïîíòèñ, Ñòàíèñëàâ."]
[Black "Òÿí, Îëåã."]
[Result "1-0"]
[WhiteElo "1693"]
[BlackElo "1136"]
[PlyCount "84"]
[EventDate "2017.04.20"]

1. d4 d5 2. Nf3 Nf6 3. g3 e6 4. Bg2 c5 5. c4 dxc4 6. Nbd2 Nc6 7. dxc5 Bxc5 8.
O-O c3 9. bxc3 O-O 10. Nc4 Qxd1 11. Rxd1 Ne4 12. Be3 Bxe3 13. Nxe3 Nxc3 14. Rd2
Ne4 15. Rd3 Rd8 16. Rxd8+ Nxd8 17. Rb1 Bd7 18. Ne5 Nc3 19. Rb2 Na4 20. Rb4 Be8
21. N3c4 f6 22. Nd6 a5 23. Rc4 b5 24. Rxa4 Ra6 25. Nxe8 bxa4 26. Nc4 Ra7 27.
Ned6 Nf7 28. Bb7 Nd8 29. Be4 Nf7 30. Nb5 Rd7 31. Nxa5 Rd2 32. Nc3 Nd6 33. Bd3
Kf7 34. Kf1 Rb2 35. Ke1 Rb8 36. Kd2 Ra8 37. Nc4 Nxc4+ 38. Bxc4 Ra5 39. Bb5 Kg6
40. Bxa4 Rh5 41. Be8+ Kg5 42. Bxh5 Kxh5 1-0

[Event "Ì15Ï "]
[Site "Loo"]
[Date "2017.04.20"]
[Round "1.65"]
[White "Ñåðàæèì, Ñòàíèñëàâ."]
[Black "Àíèñèìîâ, Àðòåì."]
[Result "0-1"]
[WhiteElo "1040"]
[BlackElo "1683"]
[PlyCount "116"]
[EventDate "2017.04.20"]

1. e4 e6 2. d4 d5 3. exd5 exd5 4. Nf3 Bd6 5. Nc3 c6 6. Bd3 Nf6 7. O-O O-O 8.
Re1 Bg4 9. h3 Bh5 10. g4 Bg6 11. Bxg6 hxg6 12. Bg5 Nbd7 13. Ne5 Qc7 14. f4 b5
15. a3 a5 16. Nxd7 Nxd7 17. Be7 Rfe8 18. Bxd6 Qxd6 19. Qf3 Nf6 20. g5 Nd7 21.
Re2 b4 22. Nd1 Rxe2 23. Qxe2 Qxf4 24. Qg4 Qxg4+ 25. hxg4 bxa3 26. Rxa3 a4 27.
b3 Nb6 28. bxa4 Rxa4 29. Rxa4 Nxa4 30. c3 Kf8 31. Kf2 Ke7 32. Ke3 Ke6 33. Kf3
f6 34. Ke3 Kd6 35. gxf6 gxf6 36. Kd2 f5 37. gxf5 gxf5 38. Ke3 Ke6 39. Kf3 Kf7
40. Kg3 Kg6 41. Kf3 Kg5 42. Kg3 f4+ 43. Kf3 Kf5 44. Kf2 Ke4 45. Ke2 f3+ 46. Kd2
Kf4 47. Kd3 Kg3 48. Kd2 f2 49. Ke2 Kg2 50. Ne3+ Kg1 51. Kd3 Nb2+ 52. Ke2 Nc4
53. Nf1 Kg2 54. Ne3+ Nxe3 55. Kxe3 f1=Q 56. c4 dxc4 57. d5 Kg3 58. dxc6 Qd3#
0-1

[Event "Ì15Â "]
[Site "Loo"]
[Date "2017.04.20"]
[Round "1.1"]
[White "Øóìèëîâ, Äåìüÿí."]
[Black "Ïîãîñÿí, Ñòåôàí."]
[Result "0-1"]
[WhiteElo "1984"]
[BlackElo "2387"]
[PlyCount "90"]
[EventDate "2017.04.20"]

1. d4 Nf6 2. c4 c5 3. d5 b5 4. cxb5 a6 5. bxa6 g6 6. Nc3 Bg7 7. Nf3 O-O 8. e4
Qa5 9. Bd2 Bxa6 10. Bxa6 Qxa6 11. Qe2 d6 12. Qxa6 Nxa6 13. O-O Rfb8 14. Bc1 Nb4
15. Ne1 Ng4 16. Bd2 c4 17. h3 Ne5 18. f4 Ned3 19. Nxd3 Nxd3 20. b3 cxb3 21.
axb3 Rxa1 22. Rxa1 Rc8 23. e5 dxe5 24. Ra7 exf4 25. Ne2 Bf6 26. Ra2 Be5 27. b4
Bd6 28. b5 g5 29. Bc3 Rb8 30. Rd2 Nb4 31. Bxb4 Bxb4 32. Rb2 Rxb5 33. Nd4 Rb7
34. Rc2 Bd6 35. Kf2 Kg7 36. Kf3 Kg6 37. Rc8 Rb4 38. Rg8+ Kf6 39. Nc6 Rb3+ 40.
Ke2 Rb2+ 41. Kf3 Bc5 42. g4 Rb3+ 43. Kg2 f3+ 44. Kh2 Bd6+ 45. Kg1 Bg3 0-1

[Event "Ì15Â "]
[Site "Loo"]
[Date "2017.04.20"]
[Round "1.2"]
[White "Åðèöÿí, Àðàì."]
[Black "Øèäëîâñêèé, Àðòåìèé."]
[Result "1-0"]
[WhiteElo "2372"]
[BlackElo "1975"]
[PlyCount "43"]
[EventDate "2017.04.20"]

1. e4 c5 2. Nf3 Nc6 3. d4 cxd4 4. Nxd4 Nf6 5. Nc3 d6 6. Bg5 e6 7. Qd2 a6 8. f4
h6 9. Bxf6 Qxf6 10. Nf3 b5 11. O-O-O g5 12. g3 g4 13. e5 dxe5 14. Nxe5 Nxe5 15.
Ne4 Qe7 16. fxe5 Bg7 17. Nd6+ Kf8 18. Bg2 h5 19. Qc3 Rb8 20. Rhf1 Qg5+ 21. Kb1
Bxe5 22. Qc7 1-0

[Event "Ì15Â "]
[Site "Loo"]
[Date "2017.04.20"]
[Round "1.3"]
[White "Áåäåíêî, Íèêèòà."]
[Black "Ìóðòàçèí, Ðóñëàí."]
[Result "1-0"]
[WhiteElo "1966"]
[BlackElo "2344"]
[PlyCount "67"]
[EventDate "2017.04.20"]

1. e4 c5 2. Nf3 Nc6 3. Bb5 e6 4. Bxc6 bxc6 5. b3 d6 6. Bb2 e5 7. O-O Ne7 8. c3
Ng6 9. d4 cxd4 10. cxd4 f6 11. Qc2 Bb7 12. Rd1 Qc7 13. Nc3 Qf7 14. Ba3 Rd8 15.
Rd2 Nf4 16. Rad1 Qh5 17. Ne1 Be7 18. dxe5 Qxe5 19. Nf3 Qe6 20. Nd4 Qe5 21. Nf5
c5 22. Bb2 g6 23. Nd5 gxf5 24. Bxe5 fxe5 25. Nxf4 exf4 26. exf5 d5 27. f6 Bd6
28. Qf5 Kf7 29. Re2 Bc6 30. Rde1 Rd7 31. Qh5+ Kxf6 32. Re6+ Kg7 33. Qh6+ Kf7
34. Qf6+ 1-0

[Event "Ì15Â "]
[Site "Loo"]
[Date "2017.04.20"]
[Round "1.4"]
[White "Íåñòåðîâ, Àðñåíèé."]
[Black "Êàìàåâ, Äæàáðàèë."]
[Result "1-0"]
[WhiteElo "2324"]
[BlackElo "1949"]
[PlyCount "94"]
[EventDate "2017.04.20"]

1. d4 Nf6 2. c4 g6 3. Nc3 Bg7 4. e4 d6 5. Be2 O-O 6. Bg5 c5 7. d5 e6 8. Qd2
exd5 9. exd5 Qa5 10. Nf3 Bg4 11. O-O Nbd7 12. Qf4 Qb6 13. Nb5 a6 14. Nxd6 Qxb2
15. Rfe1 Bxf3 16. Bxf3 b5 17. Rad1 Qxa2 18. cxb5 axb5 19. Nxb5 Rfb8 20. Nc7 Ra4
21. Qg3 Rab4 22. h3 Rb1 23. Qd6 R8b6 24. Qe7 Bf8 25. Qe3 Rxd1 26. Rxd1 Rb1 27.
Qd3 Rxd1+ 28. Qxd1 Qa7 29. d6 Qb8 30. Be2 Ne4 31. Be7 Qb2 32. Bxf8 Nc3 33. Qe1
Nxe2+ 34. Kf1 Kxf8 35. Qxe2 Qc1+ 36. Qe1 Qxe1+ 37. Kxe1 Ne5 38. Nd5 Ke8 39.
Nf6+ Kd8 40. Ke2 Nc4 41. Nxh7 Nxd6 42. Kd3 Ke7 43. Ng5 f6 44. Nf3 Ke6 45. Nd2
Kd5 46. h4 c4+ 47. Kc3 Nb5+ {äàëåå çàïèñü íåðàçáîð~~èâà} 1-0

[Event "Ì15Â "]
[Site "Loo"]
[Date "2017.04.20"]
[Round "1.5"]
[White "Êîðåíü, Âëàäèìèð."]
[Black "Öîé, Äìèòðèé."]
[Result "0-1"]
[WhiteElo "1947"]
[BlackElo "2305"]
[PlyCount "80"]
[EventDate "2017.04.20"]

1. e4 c5 2. c3 Nf6 3. e5 Nd5 4. d4 cxd4 5. Nf3 Nc6 6. cxd4 d6 7. Bc4 dxe5 8.
dxe5 Ndb4 9. Qb3 e6 10. O-O Na5 11. Bb5+ Bd7 12. Qa4 Bxb5 13. Qxb5+ Nac6 14.
Nc3 a6 15. Qe2 Qd3 16. Rd1 Qxe2 17. Nxe2 Rd8 18. Bg5 Be7 19. Rxd8+ Bxd8 20.
Bxd8 Kxd8 21. Rd1+ Ke7 22. Ned4 Nxd4 23. Rxd4 Rc8 24. g3 Nxa2 25. Rd1 Rc2 26.
Rd2 Rxd2 27. Nxd2 Nb4 28. f4 Nd3 29. b3 Nc5 30. Kf2 a5 31. Ke3 Kd7 32. Kd4 Kc6
33. g4 g6 34. h4 b5 35. h5 gxh5 36. gxh5 h6 37. Nf3 Nxb3+ 38. Ke3 Nc5 39. Ng5
b4 40. Kd2 b3 0-1

[Event "Ì15Â "]
[Site "Loo"]
[Date "2017.04.20"]
[Round "1.6"]
[White "Øóáèí, Êèðèëë."]
[Black "Ïåðîâ, Ãåðìàí."]
[Result "1-0"]
[WhiteElo "2287"]
[BlackElo "1944"]
[PlyCount "65"]
[EventDate "2017.04.20"]

1. e4 e5 2. Nf3 Nf6 3. Nxe5 d6 4. Nc4 Nxe4 5. d4 d5 6. Ne3 Be7 7. Bd3 O-O 8.
O-O c6 9. c4 Nf6 10. b3 Re8 11. Nc3 Be6 12. Bb2 Bf8 13. Ne2 Ng4 14. Qc2 g6 15.
Nxg4 Bxg4 16. f3 Bc8 17. Rad1 Na6 18. a3 Nc7 19. c5 Ne6 20. f4 Ng7 21. Ng3 f5
22. b4 Re6 23. Nh1 Ne8 24. g4 fxg4 25. f5 gxf5 26. Bxf5 Re7 27. Bxh7+ Rxh7 28.
Rxf8+ Kxf8 29. Qxh7 Qe7 30. Rf1+ Nf6 31. Qg6 Qe3+ 32. Rf2 Qe1+ 33. Kg2 1-0

[Event "Ì15Â "]
[Site "Loo"]
[Date "2017.04.20"]
[Round "1.7"]
[White "Æàêàìóõîâ, Ýäóàðä."]
[Black "Êàâûåâ, Ðóñëàí."]
[Result "1-0"]
[WhiteElo "1919"]
[BlackElo "2242"]
[PlyCount "65"]
[EventDate "2017.04.20"]

1. e4 c5 2. Nf3 d6 3. Bb5+ Nc6 4. Bxc6+ bxc6 5. h3 e5 6. O-O Ne7 7. c3 Ng6 8.
d3 Be7 9. Na3 O-O 10. Nc4 f5 11. Re1 Be6 12. b3 Qd7 13. Bg5 fxe4 14. Bxe7 Qxe7
15. dxe4 Rad8 16. Re3 Nf4 17. Kh2 Rf6 18. Ng1 Rh6 19. Rg3 d5 20. exd5 cxd5 21.
Ne3 Rf8 22. Ng4 Bxg4 23. Rxg4 e4 24. Qd2 Qe5 25. g3 Nd3 26. Qxh6 Qxc3 27. Qe6+
Kh8 28. Rf1 Qb2 29. Qe7 Rg8 30. Kg2 h6 31. Rg6 Qxa2 32. h4 Kh7 33. Rxh6+ 1-0

[Event "Ì15Â "]
[Site "Loo"]
[Date "2017.04.20"]
[Round "1.8"]
[White "Ðåìèçîâ, ßðîñëàâ."]
[Black "Òðóá÷àíèíîâ, Àðòåì."]
[Result "1-0"]
[WhiteElo "2218"]
[BlackElo "1917"]
[PlyCount "113"]
[EventDate "2017.04.20"]

1. e4 e5 2. Nf3 Nc6 3. d4 exd4 4. Nxd4 Nf6 5. Nxc6 bxc6 6. e5 Qe7 7. Qe2 Nd5 8.
c4 Ba6 9. b3 Nb6 10. f4 Qe6 11. Nd2 Bb4 12. Bb2 O-O 13. O-O-O d5 14. exd6 Qxe2
15. Bxe2 cxd6 16. Bf3 d5 17. cxd5 cxd5 18. Nf1 Rac8+ 19. Kb1 Rfe8 20. Bd4 Bc5
21. Bxc5 Rxc5 22. Ng3 g6 23. Rd2 Bc8 24. Rc1 Rxc1+ 25. Kxc1 Be6 26. Kd1 Kf8 27.
Rc2 Rc8 28. Rxc8+ Nxc8 29. Kd2 Ke7 30. Ne2 Kd6 31. a3 Nb6 32. Kc3 a5 33. Nd4
Bd7 34. b4 Na4+ 35. Kb3 axb4 36. Kxb4 Nc5 37. Be2 Ne6 38. Nxe6 fxe6 39. a4 Bc6
40. a5 Kc7 41. Kc5 Bb7 42. a6 Bc6 43. Bg4 Bd7 44. Be2 Bc6 45. a7 Ba8 46. Bg4
Kd7 47. g3 Bb7 48. h4 Ba8 49. Bh3 Ke7 50. g4 Kd7 51. g5 Ke7 52. Bg4 Kd7 53. h5
gxh5 54. Bxh5 Ke7 55. Be2 Kf7 56. Bb5 Kg6 57. Bc6 1-0

[Event "Ì15Â "]
[Site "Loo"]
[Date "2017.04.20"]
[Round "1.9"]
[White "Àêî÷¸íîê, Äàíèèë."]
[Black "Ìàêàðÿí, Ðóäèê."]
[Result "0-1"]
[WhiteElo "1917"]
[BlackElo "2207"]
[PlyCount "120"]
[EventDate "2017.04.20"]

1. d4 Nf6 2. c4 e6 3. Nf3 b6 4. g3 Bb7 5. Bg2 c5 6. d5 exd5 7. Nh4 Qc8 8. cxd5
d6 9. Nc3 g6 10. O-O Bg7 11. e4 O-O 12. Re1 Nbd7 13. f4 Re8 14. Nf3 Qb8 15. Nd2
h5 16. h3 a6 17. a4 b5 18. axb5 axb5 19. Rxa8 Bxa8 20. Ne2 Qb6 21. Kh2 c4 22.
b3 Qc5 23. bxc4 bxc4 24. Qc2 Qf2 25. Qd1 Nb6 26. Rf1 Qc5 27. Nc3 h4 28. Qf3
hxg3+ 29. Qxg3 Nh5 30. Qf3 Nd7 31. Ndb1 Rb8 32. Ba3 Qc7 33. Qe2 Rb3 34. Bb2
Nxf4 35. Rxf4 Be5 36. Bc1 Bxc3 37. Nxc3 Rxc3 38. Bb2 Rb3 39. Bd4 Ne5 40. Bxe5
dxe5 41. Rf1 c3 42. Rc1 Qc5 43. Qa2 Rb8 44. Qa4 Qe3 45. Rf1 Rf8 46. Qc4 Qd4 47.
Qc7 Qd2 48. Rf3 c2 49. Rc3 Qf4+ 50. Kg1 Qc1+ 51. Kh2 Qf4+ 52. Kg1 Bxd5 53. exd5
Ra8 54. Qc8+ Rxc8 55. Rxc8+ Kg7 56. Rxc2 Qd4+ 57. Kh2 e4 58. Re2 f5 59. Rc2
Qxd5 60. h4 Qd6+ 0-1

[Event "Ì15Â "]
[Site "Loo"]
[Date "2017.04.20"]
[Round "1.10"]
[White "Êàçüìèí, Ñåìåí."]
[Black "Ìóòîâèí, Åãîð."]
[Result "1/2-1/2"]
[WhiteElo "2167"]
[BlackElo "1915"]
[PlyCount "192"]
[EventDate "2017.04.20"]

1. e4 e6 2. d4 d5 3. Nc3 Nf6 4. e5 Nfd7 5. f4 c5 6. Nf3 Nc6 7. Be3 a6 8. Qd2
Be7 9. Be2 f6 10. O-O-O cxd4 11. Nxd4 Nxd4 12. Bxd4 fxe5 13. fxe5 Bg5 14. Be3
Bxe3 15. Qxe3 Qe7 16. Rhf1 b6 17. Rxd5 exd5 18. Nxd5 Qc5 19. Qxc5 bxc5 20. Nc7+
Ke7 21. Nxa8 Bb7 22. Nc7 Rc8 23. Nxa6 Rc6 24. b4 Rxa6 25. Bxa6 Bxa6 26. Rf4
cxb4 27. Rxb4 Nxe5 28. Ra4 Bf1 29. g3 Kd6 30. Ra7 Nd7 31. a4 Kc6 32. Kb2 Bh3
33. a5 g6 34. c4 Bf5 35. Kc3 h5 36. Kb4 Nc5 37. Rf7 Nd7 38. Re7 Nc5 39. Re8
Na6+ 40. Kc3 Nc7 41. Rb8 Kc5 42. Rb7 Kc6 43. Rb6+ Kc5 44. Rb2 Be6 45. Rb4 Bf5
46. Rb6 Be6 47. Rb7 Kc6 48. Ra7 Bf5 49. Kd4 Be6 50. Kd3 g5 51. h4 gxh4 52. gxh4
Bc8 53. Kc3 Be6 54. Kd4 Bc8 55. Ke5 Bg4 56. Kf6 Be2 57. Kg6 Bg4 58. Kf7 Be6+
59. Kg6 Bg4 60. Kf6 Be2 61. Kg6 Bf3 62. c5 Bg4 63. Kf7 Be2 64. Kg6 Bg4 65. Kf7
Be2 66. Kg8 Bg4 67. Kh7 Be2 68. Kh6 Bg4 69. Kg5 Be2 70. Kf5 Bg4+ 71. Ke4 Be2
72. Ke3 Bc4 73. Kd2 Be6 74. Kc2 Bf5+ 75. Kb3 Be6+ 76. Ka4 Bc4 77. Kb4 Bd3 78.
Kb3 Be2 79. Kc2 Bc4 80. Kd2 Be6 81. Ke3 Bg4 82. Kf4 Be2 83. Kg5 Bg4 84. a6 Be2
85. Rb7 Nxa6 86. Re7 Bg4 87. Re4 Nxc5 88. Rxg4 hxg4 89. Kxg4 Ne4 90. Kf4 Kd6
91. h5 Nf6 92. h6 Ke6 93. Kg5 Kf7 94. Kf5 Ng8 95. h7 Kg7 96. h8=Q+ Kxh8 1/2-1/2

[Event "Ì15Â "]
[Site "Loo"]
[Date "2017.04.20"]
[Round "1.11"]
[White "Ìèðçîÿí, Ëàâðåíòèé."]
[Black "Àâàëÿí, Àðòóð."]
[Result "0-1"]
[WhiteElo "1904"]
[BlackElo "2163"]
[PlyCount "90"]
[EventDate "2017.04.20"]

1. e4 e6 2. d4 d5 3. Nc3 Bb4 4. e5 c5 5. a3 Bxc3+ 6. bxc3 Qa5 7. Bd2 Qa4 8. Qg4
Kf8 9. Qd1 b6 10. Nf3 Ba6 11. Bxa6 Nxa6 12. O-O Ne7 13. Qb1 Rc8 14. Qb3 Qxb3
15. cxb3 f6 16. Rfe1 Kf7 17. Re2 Ng6 18. Rae1 Rhe8 19. g4 cxd4 20. cxd4 fxe5
21. Nxe5+ Nxe5 22. Rxe5 Rc2 23. Bb4 Nxb4 24. axb4 Rd2 25. f4 Rxd4 26. f5 Rxg4+
27. Kh1 Re4 28. R5xe4 dxe4 29. Rxe4 exf5 30. Rc4 Re3 31. Rc7+ Kf6 32. Rxa7 Rxb3
33. Ra4 b5 34. Ra6+ Kg5 35. Ra7 Kh6 36. Rb7 Rxb4 37. Kg2 Rb3 38. Kf2 b4 39. Kg2
Rb1 40. h4 b3 41. Rb5 g6 42. h5 f4 43. Rb6 Kxh5 44. Rb5+ g5 45. Rb7 h6 0-1

[Event "Ì15Â "]
[Site "Loo"]
[Date "2017.04.20"]
[Round "1.12"]
[White "Öûáèêîâ, Òóìýí."]
[Black "Õàëèêîâ, Áóëàò."]
[Result "1-0"]
[WhiteElo "2152"]
[BlackElo "1895"]
[PlyCount "93"]
[EventDate "2017.04.20"]

1. e4 e5 2. Nf3 Nc6 3. Bc4 Bc5 4. O-O Nf6 5. d3 d6 6. c3 O-O 7. Re1 Be6 8. Nbd2
a6 9. a4 Re8 10. a5 d5 11. exd5 Bxd5 12. Qb3 b5 13. axb6 cxb6 14. Ne4 Bxc4 15.
Qxc4 Nxe4 16. dxe4 Qc7 17. Be3 Bxe3 18. Rxe3 a5 19. Rd3 Rac8 20. Rd5 Nd4 21.
Qxc7 Nxf3+ 22. gxf3 Rxc7 23. Rb5 Rc6 24. Rd1 g6 25. Rd7 Kg7 26. Kf1 Kf6 27. Ke2
Ree6 28. h4 h5 29. Rbd5 Rc5 30. Ke3 Rc4 31. Rb7 g5 32. Rdd7 gxh4 33. Rxf7+ Kg6
34. Rg7+ Kh6 35. Rh7+ Kg6 36. Rbg7+ Kf6 37. Rg1 Rc5 38. Rxh5 Rb5 39. Rb1 a4 40.
Rxh4 Rb3 41. Kd3 b5 42. Kc2 Ke7 43. Rd1 Rc6 44. Rh7+ Ke8 45. Ra7 Rf6 46. Rh1
Rf8 47. Rhh7 1-0

[Event "Ì15Â "]
[Site "Loo"]
[Date "2017.04.20"]
[Round "1.13"]
[White "Ôîìèí, Ïàâåë."]
[Black "Âîëîâè÷, Âàñèëèé."]
[Result "0-1"]
[WhiteElo "1892"]
[BlackElo "2152"]
[PlyCount "170"]
[EventDate "2017.04.20"]

1. c4 e6 2. g3 f5 3. Bg2 Nf6 4. Nf3 Be7 5. O-O O-O 6. d3 d6 7. Nc3 e5 8. c5 Nc6
9. Ng5 Kh8 10. cxd6 cxd6 11. h4 h6 12. Nh3 d5 13. e3 Be6 14. d4 e4 15. Nf4 Bf7
16. f3 g5 17. hxg5 hxg5 18. Nh3 exf3 19. Qxf3 g4 20. Qxf5 gxh3 21. Qxh3+ Kg7
22. Rf5 Bg6 23. Rg5 Qc8 24. g4 Rh8 25. Qg3 Ne4 26. Nxe4 dxe4 27. Rxg6+ Kxg6 28.
Bxe4+ Kg7 29. d5 Qb8 30. Qxb8 Nxb8 31. d6 Bxd6 32. Bxb7 Nd7 33. Bxa8 Rxa8 34.
Bd2 Ne5 35. Bc3 Kf7 36. Rf1+ Ke6 37. Rf4 Rg8 38. Bxe5 Bxe5 39. Ra4 Rg7 40. b3
Bd6 41. Kf2 Bc5 42. Rf4 Rh7 43. b4 Bb6 44. g5 Rg7 45. a4 Rxg5 46. a5 Bc7 47.
Rc4 Kd7 48. Ke2 Bd6 49. Kd3 Rd5+ 50. Kc2 Re5 51. Kd3 Rb5 52. Kc3 Ke6 53. Re4+
Kd5 54. Rd4+ Kc6 55. Rc4+ Kb7 56. Rh4 a6 57. Rh7+ Bc7 58. Rh6 Rd5 59. Kc2 Rd6
60. Rh5 Re6 61. b5 Rxe3 62. bxa6+ Kxa6 63. Rh6+ Kxa5 64. Rc6 Bb6 65. Rc3 Re6
66. Ra3+ Kb4 67. Rb3+ Kc4 68. Rc3+ Kd5 69. Rd3+ Bd4 70. Rh3 Kc4 71. Rf3 Re2+
72. Kd1 Ra2 73. Ke1 Kd5 74. Rb3 Ke4 75. Kd1 Be3 76. Rb7 Rd2+ 77. Ke1 Rh2 78.
Rb4+ Kf3 79. Kd1 Rd2+ 80. Ke1 Rc2 81. Rb1 Rd2 82. Rb3 Rd5 83. Rb2 Rc5 84. Rb1
Rd5 85. Rb7 Bf2+ 0-1

[Event "Ì15Â "]
[Site "Loo"]
[Date "2017.04.20"]
[Round "1.14"]
[White "Ñêà÷êîâ, Âàëåðèé."]
[Black "Ïîëÿíñêèé, Âëàäèñëàâ."]
[Result "1-0"]
[WhiteElo "2149"]
[BlackElo "1891"]
[PlyCount "103"]
[EventDate "2017.04.20"]

1. d4 d5 2. c4 c6 3. Nc3 Nf6 4. e3 e6 5. Nf3 Nbd7 6. Qc2 Bd6 7. Bd3 O-O 8. O-O
Qe7 9. Rd1 dxc4 10. Bxc4 e5 11. e4 exd4 12. Nxd4 Ne5 13. Be2 Ng6 14. Nf5 Bxf5
15. exf5 Nf4 16. Bf3 Rfe8 17. Be3 Qe5 18. g3 N4d5 19. Nxd5 Nxd5 20. Bxd5 cxd5
21. Qb3 Qxf5 22. Rxd5 Qf6 23. Rad1 Be5 24. Qxb7 Rab8 25. Qxa7 Rxb2 26. Qd7 Rbb8
27. a4 h5 28. Bd4 h4 29. Re1 Red8 30. Rdxe5 Rxd7 31. Re8+ Rxe8 32. Rxe8+ Kh7
33. Bxf6 gxf6 34. Re1 h3 35. Ra1 Rd6 36. a5 Ra6 37. f3 Kg6 38. Kf2 Kf5 39. g4+
Kg5 40. Kg3 f5 41. f4+ Kg6 42. Kxh3 fxg4+ 43. Kxg4 f5+ 44. Kh4 Kh6 45. Ra3 Kg6
46. Kg3 Kh6 47. h3 Kh5 48. Kg2 Kh4 49. Kf2 Kh5 50. Ke3 Kh4 51. Kd4 Ra8 52. Ke5
1-0

[Event "Ì15Â "]
[Site "Loo"]
[Date "2017.04.20"]
[Round "1.15"]
[White "Ãàëèåâ, Èðåê."]
[Black "Ìóõóòäèíîâ, Òèãðàí."]
[Result "0-1"]
[WhiteElo "1866"]
[BlackElo "2136"]
[PlyCount "84"]
[EventDate "2017.04.20"]

1. c4 e6 2. g3 d5 3. Bg2 c6 4. Nf3 Nf6 5. O-O Bd6 6. d4 O-O 7. b3 Ne4 8. Nbd2
f5 9. Bb2 Nd7 10. Rc1 Qe7 11. e3 b6 12. Ne1 Bb7 13. f3 Nxd2 14. Qxd2 c5 15. f4
Kh8 16. Nd3 Rfd8 17. cxd5 Bxd5 18. Bxd5 exd5 19. Ne5 Rac8 20. Qd3 Qe6 21. Rf2
Nf6 22. Qa6 Ne4 23. Rfc2 Qe7 24. a4 Bxe5 25. fxe5 Qg5 26. Qe2 h5 27. Qf3 Qg6
28. Bc3 Rc6 29. Be1 Rdc8 30. Qe2 Kg8 31. Qd3 Qf7 32. Qb5 Rg6 33. Rg2 Rcc6 34.
Rcc2 h4 35. gxh4 f4 36. exf4 Qxf4 37. Qd3 cxd4 38. Rxc6 Rxc6 39. Qxd4 Rc1 40.
Qb4 Qe3+ 41. Kf1 Qf3+ 42. Kg1 Nc3 0-1

[Event "Ì15Â "]
[Site "Loo"]
[Date "2017.04.20"]
[Round "1.16"]
[White "Êûòèí, Ìàêàð."]
[Black "Áàáóíîâ, Àëåêñàíäð."]
[Result "1-0"]
[WhiteElo "2120"]
[BlackElo "1865"]
[PlyCount "57"]
[EventDate "2017.04.20"]

1. e4 c5 2. Nf3 e6 3. d4 cxd4 4. Nxd4 Nf6 5. Nc3 d6 6. Be3 Be7 7. f3 O-O 8. Qd2
Nc6 9. O-O-O a6 10. g4 Qc7 11. h4 Nd7 12. g5 Na5 13. f4 b5 14. g6 Nf6 15. gxh7+
Kh8 16. Rg1 Rd8 17. Qg2 Bf8 18. f5 b4 19. Bg5 Nxh7 20. Bh6 f6 21. Na4 e5 22.
Nb3 Nxb3+ 23. axb3 Rb8 24. h5 Bb7 25. Be3 Ba8 26. h6 Qe7 27. hxg7+ Bxg7 28. Bc4
Rg8 29. Be6 {äàëåå çàïèñü íåðàçáîð~~èâà} 1-0

[Event "Ì15Â "]
[Site "Loo"]
[Date "2017.04.20"]
[Round "1.17"]
[White "Æàðêîâ, Íèêîëàé."]
[Black "Øîáîåâ, Äàíäàð."]
[Result "0-1"]
[WhiteElo "1861"]
[BlackElo "2110"]
[PlyCount "134"]
[EventDate "2017.04.20"]

1. e4 d6 2. d4 g6 3. Nc3 Bg7 4. f4 Nd7 5. Nf3 a6 6. Bc4 e6 7. a4 Ne7 8. O-O O-O
9. Be3 c6 10. Bf2 d5 11. Bd3 Qc7 12. Ne5 Nxe5 13. fxe5 c5 14. exd5 exd5 15. Bh4
Be6 16. Qf3 Rad8 17. Bf6 cxd4 18. Ne2 Nc6 19. Bxd8 Rxd8 20. Nf4 Nxe5 21. Qe2
Bg4 22. Qf2 Bc8 23. h3 b6 24. Kh1 Bb7 25. b3 Nd7 26. Nh5 Nc5 27. Nxg7 Kxg7 28.
Qxd4+ Kg8 29. Rae1 Ne4 30. Bxe4 dxe4 31. Qf6 Rd2 32. Rd1 e3 33. Rxd2 exd2 34.
Qd4 Qxc2 35. Qd8+ Kg7 36. Qf6+ Kh6 37. Qf4+ g5 38. Qf6+ Qg6 39. Qxg6+ fxg6 40.
Rd1 Bd5 41. b4 Bb3 42. Rxd2 Bxa4 43. Rd6 a5 44. Rxb6 axb4 45. Rxb4 Bc6 46. Kh2
Bd5 47. g4 Bc6 48. Kg3 Bd7 49. Rb6 Bc8 50. h4 Bd7 51. Rb7 Bc8 52. Rc7 Be6 53.
Rc5 gxh4+ 54. Kxh4 Kg7 55. Rc7+ Kf6 56. g5+ Ke5 57. Rxh7 Bf5 58. Re7+ Kf4 59.
Re1 Bd3 60. Rd1 Bc2 61. Rf1+ Ke5 62. Rf8 Bd3 63. Kg4 Be2+ 64. Kg3 Bd3 65. Ra8
Bc2 66. Kf3 Be4+ 67. Kg4 Bxa8 0-1

[Event "Ì15Â "]
[Site "Loo"]
[Date "2017.04.20"]
[Round "1.18"]
[White "Îñèïîâ, Äàíèèë."]
[Black "Òåð-Ñààêÿí, Ãðèãîðèé."]
[Result "1-0"]
[WhiteElo "2091"]
[BlackElo "1851"]
[PlyCount "107"]
[EventDate "2017.04.20"]

1. e4 e6 2. d4 d5 3. Nc3 Nf6 4. e5 Nfd7 5. Nf3 c5 6. dxc5 Nc6 7. Bf4 Nxc5 8. h4
Be7 9. h5 h6 10. a3 Bd7 11. Rh3 Qc7 12. Nb5 Qb6 13. b4 Ne4 14. Be3 Qd8 15. Bd3
a6 16. Nbd4 Qc7 17. Nxc6 Bxc6 18. Bd4 Bb5 19. Nd2 Bg5 20. Nxe4 dxe4 21. Bxb5+
axb5 22. Qe2 Qc4 23. Qxe4 Rd8 24. Rd1 O-O 25. f4 Be7 26. Rc3 Qd5 27. Qxd5 Rxd5
28. Bb6 Rxd1+ 29. Kxd1 Rb8 30. Kd2 Kf8 31. Bc5 Rd8+ 32. Ke3 Rd7 33. Bxe7+ Kxe7
34. Rc5 Kd8 35. Rxb5 Kc7 36. Rc5+ Kb8 37. Rc4 Rd1 38. Rd4 Re1+ 39. Kf3 Rf1+ 40.
Ke2 Rg1 41. Kf2 Rc1 42. Rd7 Rxc2+ 43. Kg1 Rc1+ 44. Kh2 Rc7 45. Rd8+ Rc8 46.
Rxc8+ Kxc8 47. Kg3 Kc7 48. Kf3 Kc6 49. Ke4 Kb5 50. Kd4 Ka4 51. g4 Kxa3 52. Kc4
Ka4 53. g5 b6 54. f5 1-0